Literature Reading, reacting, writing

Shranjeno v:
Bibliografske podrobnosti
Glavni avtor: Kirszner, Laurie G
Drugi avtorji: Mandell, Stephen R
Format: Knjiga
Jezik:Undetermined
Izdano: Boston, Massachusetts Thomson/Heinle 2004
Online dostop:http://lrc.tdmu.edu.vn/opac/search/detail.asp?aID=2&ID=7369
Oznake: Označite
Brez oznak, prvi označite!
Thư viện lưu trữ: Trung tâm Học liệu Trường Đại học Thủ Dầu Một
LEADER 00624nam a2200205Ia 4500
001 TDMU_7369
008 210410s9999 xx 000 0 und d
082 |a 808 
090 |b K313 
100 |a Kirszner, Laurie G 
245 0 |a Literature 
245 0 |b Reading, reacting, writing 
245 0 |c Laurie G. Kirszner, Stephen R. Mandell 
260 |a Boston, Massachusetts 
260 |b Thomson/Heinle 
260 |c 2004 
300 |a xlii, 1598 p. 
700 |a Mandell, Stephen R 
856 |u http://lrc.tdmu.edu.vn/opac/search/detail.asp?aID=2&ID=7369 
980 |a Trung tâm Học liệu Trường Đại học Thủ Dầu Một